Pokémon Epée & Bouclier tout les combats - Statistiques

Statistiques générales
  • Ce quiz a été pris 39 fois
  • Le résultat moyen est 151 sur 437
Statistiques - réponses
Hint Réponse % Correct
Nabil (starter feu) Flambino
78%
Nabil (starter eau) Larméléon
78%
Nabil (starter plante) Ouistempo
78%
Moumouton
74%
Nabil (starter eau) | Tarak le maître (starter eau) Lézargus
70%
Nabil (starter feu) | Tarak le maître (starter feu) Pyrobut
70%
Ixon
65%
Nabil (starter feu) Lapyro
65%
Minisange
65%
Nabil (starter eau) Arrozard
61%
Nabil (starter plante) Badabouin
61%
Nabil (starter plante) | Tarak le maître (starter plante) Gorythmic
61%
Dilan le poké enfant Pikachu
61%
Christopher le gamin Rongourmand
61%
Tournicoton
61%
Sbire de la Team Yell Zigzaton
61%
Bibichut
57%
Blancoton
57%
Bleuseille
57%
Corvaillus
57%
Léa la poké enfant Evoli
57%
Torgamord
57%
Clémence la Mondaine Voltoutou
57%
Forrest le dresseur d'arène | Jimmy l'ouvrier Wagomine
57%
Bill l'ouvrier Charbi
52%
Charmilly
52%
Dracaufeu
52%
Kabu le champion d'arène | Lily & Yann les intrépides Feunard
52%
Goupilou
52%
Lisa la fillette Khélocrock
52%
Khélocrok
52%
Sbire de la Team Yell Linéon
52%
Monthracite
52%
Morpeko
52%
Moumouflon
52%
Sorcilence
52%
Nabil (version bouclier) Zacian
52%
Nabil (version épée) Zamazenta
52%
Békipan
48%
Chapotus
48%
Shirley l'ouvrière Charpenti
48%
Duralugon
48%
Hexadron
48%
Ophélie le Canon Mélofée
48%
Donna la championne d'arène Poissirène
48%
Ramoloss
48%
Roublenard
48%
Scolocendre
48%
Wattapik
48%
Arcanin
43%
Aiko la dresseuse d'arène Canarticho
43%
Akira le Policier Caninos
43%
Alice la poké enfant | Anthony le cuisinier Crémy
43%
Dolman
43%
Ectoplasma
43%
Embrochet
43%
Exagide
43%
Flagadoss
43%
Maya la fillette Goupix
43%
Brutus l'écolier Grillepattes
43%
Franck le Karatéka Krakos
43%
Harry le gamin Larvadar
43%
Mackogneur
43%
Mélodelfe
43%
Palarticho
43%
Ponyta
43%
Scrutella
43%
Shifours
43%
Togekiss
43%
Angoliath
39%
Békaglaçon
39%
Lona la championne d'arène Beldeneige
39%
Becky la Randonneuse Fantyrm
39%
Théodora la dresseuse d'arène Fourbelin
39%
Galopa
39%
Hastacuda
39%
Léopardus
39%
Roy le champion d'arène Libégon
39%
Lokhlass
39%
Mesmérella
39%
M.glaquette
39%
Jack l'éleveur | Seb de Macro Cosmos Miaouss
39%
Travis le dresseur Nucléos
39%
Pachyradjah
39%
Poissoroy
39%
Hans l'artiste Smogo
39%
Rita l'ouvrière Taupiqueur
39%
Jonathan & Emeline les journalistes Tic
39%
Togetic
39%
Mustar le Maître du Dojo Wushours
39%
Amélie l'écolière Chacripan
35%
Angelina & Fabien de Macro Cosmos Charibari
35%
Chelours
35%
Jonathan & Emeline les journalistes Cliticlic
35%
Cupcanaille
35%
Dunaconda
35%
Dunaja
35%
Améline la dresseuse d'arène Fluvetin
35%
Giorgio le dresseur d'arène Frissonille
35%
Gigalithe
35%
Adriana la Randonneuse Judokrak
35%
Faïza la championne d'arène Kapoera
35%
Florent le dresseur d'arène Kicklee
35%
Lanssorien
35%
Travis le dresseur Méios
35%
Mysdibule
35%
Mystherbe
35%
Nigosier
35%
Beverly l'ouvrière | Johnny l'ouvrier Nodulithe
35%
Ronflex
35%
Sally la championne d'arène Smogogo
35%
Daby le dresseur d'arène Spectrum
35%
Marilou & Ulrich de Macro Cosmos | Nazaire le Montagnard Steelix
35%
Toxizap
35%
Tygnon
35%
Roy le champion d'arène Chartor
30%
Chovsourir
30%
Arnaud & Cindy de Macro Cosmos Clic
30%
Cocotine
30%
Coléodôme
30%
Patxi le dresseur d'arène Colimucus
30%
Desséliande
30%
Julien le Gentleman Dimoclès
30%
Fulgudog
30%
Gardevoir
30%
Bettie la dresseuse d'arène Géolithe
30%
Alex le Karatéka | Claudia la Randonneuse Karaclée
30%
Lucario
30%
Moufflair
30%
Lorenzo l'éleveur | Pablo le dresseur d'arène Nounourson
30%
Onix
30%
Salarsen
30%
Alistair le champion d'arène Tutafeh
30%
Berserkatt
26%
Joliflor
26%
Kirlia
26%
Miasmax
26%
Milobellus
26%
Sbire de la Team Yell Moufouette
26%
Pandarbare
26%
Noémie l'écolière Pandespiègle
26%
Conan le dresseur d'arène Polagriffe
26%
Rhinolove
26%
Rototaupe
26%
Simone la dresseuse d'arène Sucroquin
26%
Tarsal
26%
Tranchodon
26%
Eric le cuisinier Verpom
26%
Aflamanoir
22%
Blizzaroi
22%
Laureen la dresseuse d'arène Boumata
22%
Ferdinand le facteur Cadoizo
22%
Manami l'éleveuse Chinchidou
22%
Corayôme
22%
Lucy la dresseuse d'arène Corayon
22%
Emilie l'employée | Rosemary la dresseuse Cradopaud
22%
Crapustule
22%
Gérald le Nageur | Rosaline la dresseuse d'arène Crustabri
22%
Darumacho
22%
Laëtitia la Danseuse Darumarond
22%
Elmer l'éleveur Dynavolt
22%
Ecrapince
22%
Galvaran
22%
Chaz le champion d'arène Golgopathe
22%
Seb de Macro Cosmos Grindur
22%
Shehroz de Macro Cosmos Lançargot
22%
Lugulabre
22%
Muplodocus
22%
Noacier
22%
Kara la Nageuse Prédastérie
22%
Arnold l'écolier | Rodrigo le dresseur d'arène Rozbouton
22%
Sandie & Aurélien les médecins Scalpion
22%
Kévin le poké enfant Statitik
22%
Sbire de la Team Yell Ténéfix
22%
Théffroi
22%
Wailord
22%
Martine la Mondaine Wimessir
22%
Baggaïd
17%
Baggiguane
17%
Brocélôme
17%
Bruyverne
17%
Caratroc
17%
Coatox
17%
Concombaffe
17%
Démanta
17%
Larry le Karatéka Doudouvet
17%
Hitomi la dresseuse d'arène Ecaïd
17%
Hippodocus
17%
Lanturn
17%
Limonde
17%
Mimiqui
17%
Cassandra & Scotty les collègues de bureaux Minotaupe
17%
Alistair le champion d'arène Noctunoir
17%
Hughues le dresseur d'arène Pitrouille
17%
Polthégeist
17%
Disciple du Dojo de la Maîtrise Psykokwak
17%
Elodie la Docteure Rosélia
17%
Scalproie
17%
Sépiatroce
17%
Bombydou
13%
Faïza la championne d'arène Brutalibré
13%
Candine
13%
Nestor l'Employé | Sbire de la Team Yell Dimoret
13%
Drascore
13%
Ekaïser
13%
Fermite
13%
Iguolta
13%
Disciple du Dojo de la Maîtrise | Emma la dresseuse d'arène Krabby
13%
Mustar le Maître du Dojo Kungfouine
13%
Larvibule
13%
Lixy
13%
Malamandre
13%
Nénupiot
13%
Octillery
13%
Johanna le Top Model | Sophora la dresseuse Rapion
13%
Cheryl la dresseuse d'arène | Linda la Nageuse Rémoraid
13%
Rhinastoc
13%
Donna la championne d'arène Sarmuraï
13%
Disciple du Dojo de la Maîtrise Sépiatop
13%
Mustar le Maître du Dojo Shaofouine
13%
Lianna la dresseuse d'arène Tritonde
13%
Vostourno
13%
Apireine
9%
Erin l'éleveuse Ceribou
9%
Rosaline la dresseuse d'arène Crabaraque
9%
Carla la dresseuse d'arène Croquine
9%
Abdel le Nageur Froussardine
9%
Furaiglon
9%
Grainipiot
9%
Grodrive
9%
Kadabra
9%
Lampignon
9%
Luxray
9%
Lylia & Jay les artistes de rue Maracachi
9%
Liv de Macro Cosmos Momartik
9%
Rhinoféros
9%
Fatoumata le Top Model Rubombelle
9%
Owen le dresseur d'arène Séracrawl
9%
Simularbre
9%
Disciple du Dojo de la Maîtrise Zorua
9%
Saturnin le dresseur Abra
4%
Bourrinos
4%
Disciple du Dojo de la Maîtrise Escroco
4%
Lougaroc
4%
Disciple du Dojo de la Maîtrise Marill
4%
Murphy l'employé de la ligue Motisma
4%
Papilusion
4%
Quartermac
4%
Briana la Pêcheuse Qwilfish
4%
Scobolide
4%
Sucreine
4%
Lilian le Musicien Togedemaru
4%
Sophora la dresseuse Venipatte
4%
Archéodong
0%
Clara la Pêcheuse Hastacuna
0%
Kaorine
0%
Noarfang
0%
Rougourmand
0%
Disciple du Dojo de la Maîtrise Têtarte
0%
Aucun quiz correspondant
Distribution des résultats
% des personnes avec chaque résultat
Percentile par nombre de réponses
Votre historique - résultats
Vous n’avez pas pris ce quiz